Logo BPK

Biblioteka

Politechniki Koszalińskiej

Przygotowania wsadu wielkopiecowego : (Rekord nr 27694)

Szczegóły MARC
000 -ETYKIETA REKORDU
podpole kontrolne o stałej długości 00417nam a2200157 i 4500
001 - NUMER KONTROLNY REKORDU
pole kontrolne bg
040 ## - ŹRÓDŁO KATALOGOWANIA
Instytucja, która utworzyła rekord BPK
041 ## - KOD JĘZYKA
Kod języka tekstu pol
008 - POLE O STAŁEJ DŁUGOŚCI - DANE KONTROLNE
podpole kontrolne o stałej długości s pl f |000 0 pol
100 1# - NAZWA OSOBOWA
Nazwa osobowa STEC, Roman
245 #0 - TYTUŁ/ODPOWIEDZIALNOŚĆ
Tytuł Przygotowania wsadu wielkopiecowego :
Ciąg dalszy tytułu ćwiczenia... /
Pozostałe elementy strefy tytułu i oznaczenia odpowiedzialności Roman Stec, Jan Mróz, Ryszard Budzik.
260 ## - STREFA ADRESU WYDAWNICZEGO
Miejsce wydania Częstochowa,
Data publikacji, dystrybucji/powstania dokumentu 1977.
700 1# - HASŁO DODATKOWE - NAZWA OSOBOWA
Nazwa osobowa MRÓZ, Jan
700 1# - HASŁO DODATKOWE - NAZWA OSOBOWA
Nazwa osobowa BUDZIK, Ryszard
856 ## - LOKALIZACJA I DOSTĘP DO ELEKTRONICZNYCH DOKUMENTÓW ZDALNYCH
Link (URL) http://koha.tu.koszalin.pl/cgi-bin/koha/opac-detail.pl?biblionumber=27694
Tekst linku Katalog online BPK
942 ## - DODATKOWE ELEMENTY (KOHA)
Typ dokumentu Książka
Egzemplarze
Wycofany Status egzemplarza Uszkodzony Dostępność Lokalizacja stała Lokalizacja bieżąca Miejsce przechowywania Sygnatura Kod kreskowy Typ dokumentu
      Dostępny Biblioteka Politechniki Koszalińskiej Biblioteka Politechniki Koszalińskiej Wypożyczalnia BG 22477 01683028 Książka
© 2023 Biblioteka Politechniki Koszalińskiej :: KOHA